Statistiques concernant Trivial pursuit - Questions

Cliquez ici pour prendre le quiz!

Statistiques générales

  • Ce quiz a été pris 904 fois
  • Le résultat moyen est 17 sur 30

Statistiques - réponses

HintRéponse% Correct
Dans quel océan se situe la Guadeloupe ?L'Océan Atlantique
97%
Quel pays d’Amérique Centrale ou du Sud a été colonisé par le Portugal et parle encore portugais aujourd’hui ?Le Brésil
93%
Quel organe du corps humain sert de pompe pour faire circuler le sang ?Le coeur
92%
Comment étaient surnommés les soldats français pendant la Première Guerre mondiale ?Les Poilus
87%
Quelle est la couleur de la dernière ceinture que vous pouvez obtenir dans les arts martiaux ?Noire
85%
En quelle année, les femmes obtiennent-elles le droit de vote en France ?En 1944
76%
Quel écrivain a écrit le court roman « Le Petit Prince » ?Antoine de Saint Exupéry
73%
Quel mode permet en français d’exprimer un ordre ?L'impératif
70%
Quel trio comique tente d’expliquer "la différence entre un bon chasseur et un mauvais chasseur" dans un sketch culte ?Les Inconnus
69%
Quel personnage de bandes dessinées est ami avec un certain Tchang Tchong-Jen et Bianca Castafiore ?Tintin
68%
Qui devient roi des Francs à l’âge de 15 ans en 481 ?Clovis Ier
67%
Si vous jouez dans la NFL, quel sport pratiquez-vous ?Le football américain
66%
Qui a obtenu le Ballon d'or masculin en 2022 ?Karim Benzema
65%
Dans La légende de Zelda, comment s’appelle le héros chargé de sauver la princesse ?Link
65%
Combien d'années a duré la guerre de Cent Ans ?116 ans
63%
Quel joueur de tennis français est, à ce jour, le dernier à avoir remporté un tournoi du Grand Chelem ?Yannick Noah
63%
Quelle est locution latine qui signifie "profite de l'instant " ?Carpe Diem
62%
Quel pays est souvent surnommé “Le toit du monde” ?Le Népal
61%
Quel est le sport le plus populaire en Inde ?Le cricket
58%
Quelle actrice incarne Mercredi Addams dans la série Netflix Mercredi ?Jenna Ortega
53%
Quel personnage historique a été incarné au cinéma par les actrices Vivien Leigh, Elizabeth Taylor et Monica Belluci ?Cléopâtre VII
49%
Quel artiste a peint le tableau intitulé « Le déjeuner sur l’herbe » ?Edouard Manet
44%
Pour les Grecs, quel dieu vivait dans un volcan ?Héphaïstos
41%
Comment s’appelle la première brebis qui a été clonée en février 1997 ?Dolly
34%
Quel pays actuel portait le nom de Ceylan jusqu’en 1972 ?Le Sri Lanka
34%
Quel médicament a été fabriqué à partir de l’écorce du saule blanc ?L'aspirine
18%
Comment s’appelle le mâle de l’abeille ?Le faux-bourdon
16%
Qui est l’épouse de Louis VII le Jeune ?Aliénor d'Aquitaine
11%
Quelle est la plus grande forêt du monde ?La taïga
9%
Qu'étudie un phycologue ?Les algues
5%

Distribution des résultats

Percentile par nombre de réponses

% des personnes avec chaque résultat

Votre développement - résultats

Vous n’avez pas pris ce quiz